Metodika stanovenia hodnoty nákladov bytov v charakteristickom uzle ich životného cyklu.

Guardado en:
Detalles Bibliográficos
Autor principal: Karel, Ján, 1981- (Autor)
Otros Autores: Nič, Milan, 1946- (Orientador)
Formato: Manuscrito Libro
Lenguaje:eslovaco
Publicado: Bratislava : STU v Bratislave SvF, 2014
Materias:
Acceso en línea:VAIS
Etiquetas: Agregar Etiqueta
Sin Etiquetas, Sea el primero en etiquetar este registro!

MARC

LEADER 00000ntm a22000003a 4500
001 stu297100
005 20150617230307.7
008 140919s2014----xo------------------slo-d
040 |a STU  |b slo 
041 0 |a slo 
044 |a xo 
100 1 |a Karel, Ján,  |d 1981-  |4 aut  |u V300  |U SvF Stavebná fakulta  |T SvF Ústav súdneho znalectva  |X 2653  |U V320|V300  |Y 35  |7 A000002653 
242 0 0 |a Proposed method of the valuation of apartments in the certiain points of their life cycle  |y eng 
245 1 |a Metodika stanovenia hodnoty nákladov bytov v charakteristickom uzle ich životného cyklu. 
260 |a Bratislava :  |b STU v Bratislave SvF,  |c 2014 
650 7 |a technológia stavieb  |2 stusub 
650 7 |a Building Technology  |2 estusub 
650 7 |a value  |2 estusub 
650 7 |a costs  |2 estusub 
650 7 |a life cycle  |2 estusub 
650 7 |a byt  |2 stusub 
650 7 |a náklady  |2 stusub 
650 7 |a životný cyklus  |2 stusub 
650 7 |a opotrebenie  |2 stusub 
650 7 |a hodnota  |2 stusub 
700 1 |a Nič, Milan,  |d 1946-  |4 ths  |u V300  |U SvF Stavebná fakulta  |T SvF Ústav súdneho znalectva  |X 732  |U V320|V300  |Y 35  |7 A000000732 
856 4 |a info a plný text  |u http://is.stuba.sk/zp/portal_zp.pl?podrobnosti=75792  |3 VAIS 
996 |b 284V041348  |c V* 3312/DP-1242  |l VVS  |s P  |a 0  |w stu297100_0001